In their own behalf: voices from the margin,

Saved in:
Bibliographic Details
Other Authors: Skipper, James K. (joint comp.), Lefton, Mark (joint comp.)
Format: Book
Language:English
Published: New York, Appleton-Century-Crofts [1974]
Edition:2d ed.
Series:ACC sociology series
Subjects:
LEADER 01065nam a2200277 4500
001 c000139594
003 CARM
005 00000000000000.0
008 740713s1974 nyu 00000 eng
019 1 |a 499246  |5 LACONCORD2021 
020 |a 0390610917 
035 |a (OCoLC)979970  |5 LACONCORD2021 
050 0 0 |a HM291  |b .M24 1974 
082 0 0 |a 301.6/2 
245 0 0 |a In their own behalf: voices from the margin,  |c edited by Charles H. McCaghy, James K. Skipper, Jr. [and] Mark Lefton. 
250 |a 2d ed. 
260 |a New York,  |b Appleton-Century-Crofts  |c [1974] 
300 |a viii, 352 p.  |c 21 cm. 
490 0 |a ACC sociology series 
500 |a Rev. ed. published as: Deviance, voices from the margin. c1981. 
650 0 |a Deviant behavior. 
700 1 |a Skipper, James K.  |e joint comp. 
700 1 |a Lefton, Mark,  |e joint comp. 
852 8 |b CARM  |h A2:AF12B0  |i B01686  |p 0077064  |f BK 
999 f f |i e9a9d2ab-66ac-5387-8d4a-c907ec2b80df  |s 76e7e39c-5502-5f5b-a3aa-372ffa31a121 
952 f f |p Can circulate  |a CAVAL  |b CAVAL  |c CAVAL  |d CARM 1 Store  |e B01686  |f A2:AF12B0  |h Other scheme  |i book  |m 0077064